[Event "45th FIDE Chess Olympiad Open"]
[Site "Budapest, Hungary"]
[Date "2024.09.15"]
[Round "5"]
[White "Wang, Ting-Hao"]
[Black "Roselli Mailhe, Bernardo"]
[Result "0-1"]
[Board "144"]
[WhiteFideId "16300602"]
[BlackFideId "3000028"]
[BlackTitle "IM"]
[WhiteElo "1842"]
[BlackElo "2362"]
[WhiteTeam "Chinese Taipei"]
[BlackTeam "Uruguay"]
[WhiteClock "0:16:01"]
[BlackClock "0:37:25"]
[Variant "Standard"]

1. e4 {[%clk 1:30:54]}  e6 {[%clk 1:30:54]} 2. d4 {[%clk 1:31:10]}  d5 {[%clk 1:31:19]} 3. Nc3 {[%clk 1:31:30]}  Bb4 {[%clk 1:31:43]} 4. Nge2 {[%clk 1:31:23]}  Nc6 {[%clk 1:31:16]} 5. a3 {[%clk 1:30:43]}  Ba5 {[%clk 1:31:40]} 6. e5 {[%clk 1:19:46]}  f6 {[%clk 1:26:39]} 7. Nf4 {[%clk 1:11:30]}  Qe7 {[%clk 1:22:15]} 8. Bb5 {[%clk 1:11:07]}  Bd7 {[%clk 1:19:42]} 9. Bxc6 {[%clk 1:06:31]}  Bxc6 {[%clk 1:16:13]} 10. O-O {[%clk 0:58:18]}  f5 {[%clk 1:05:45]} 11. Qh5+ {[%clk 0:55:24]}  Qf7 {[%clk 1:05:38]} 12. Qxf7+ {[%clk 0:54:53]}  Kxf7 {[%clk 1:06:03]} 13. Nd3 {[%clk 0:52:35]}  Bxc3 {[%clk 1:01:18]} 14. bxc3 {[%clk 0:53:02]}  Ne7 {[%clk 1:01:08]} 15. Rb1 {[%clk 0:44:33]}  Nc8 {[%clk 0:59:26]} 16. Nc5 {[%clk 0:43:01]}  Nb6 {[%clk 0:59:02]} 17. f3 {[%clk 0:43:01]}  Nc4 {[%clk 0:55:30]} 18. Rf2 {[%clk 0:39:26]}  Rhc8 {[%clk 0:51:39]} 19. Kf1 {[%clk 0:38:35]}  b6 {[%clk 0:49:38]} 20. Nd3 {[%clk 0:35:05]}  Bd7 {[%clk 0:46:51]} 21. Ra1 {[%clk 0:29:51]}  c5 {[%clk 0:41:31]} 22. Nb2 {[%clk 0:30:08]}  cxd4 {[%clk 0:38:09]} 23. cxd4 {[%clk 0:30:32]}  Na5 {[%clk 0:37:22]} 24. Bd2 {[%clk 0:29:50]}  Bb5+ {[%clk 0:36:59]} 25. Ke1 {[%clk 0:27:22]}  Nc6 {[%clk 0:34:23]} 26. c3 {[%clk 0:27:22]}  Rc7 {[%clk 0:34:02]} 27. Kd1 {[%clk 0:25:22]}  Rac8 {[%clk 0:34:20]} 28. Be1 {[%clk 0:25:17]}  Na5 {[%clk 0:33:05]} 29. Kc2 {[%clk 0:22:28]}  Bc4 {[%clk 0:33:01]} 30. Nxc4 {[%clk 0:22:23]}  Rxc4 {[%clk 0:32:35]} 31. Kd3 {[%clk 0:22:04]}  Ra4 {[%clk 0:29:35]} 32. Rb2 {[%clk 0:19:22]}  Nc4 {[%clk 0:28:43]} 33. Rb3 {[%clk 0:19:34]}  Ke7 {[%clk 0:29:04]} 34. Bd2 {[%clk 0:19:31]}  Kd7 {[%clk 0:27:38]} 35. Bc1 {[%clk 0:17:58]}  Kc6 {[%clk 0:27:26]} 36. Rb4 {[%clk 0:14:28]}  Ra5 {[%clk 0:27:48]} 37. a4 {[%clk 0:14:07]}  Rb8 {[%clk 0:26:13]} 38. Ra2 {[%clk 0:12:31]}  Rb7 {[%clk 0:25:03]} 39. Kc2 {[%clk 0:09:33]}  b5 {[%clk 0:23:19]} 40. Rxb5 {[%clk 0:03:42]}  Rbxb5 {[%clk 0:23:05]} 41. axb5+ {[%clk 0:04:06]}  Kxb5 {[%clk 0:23:24]} 42. Rxa5+ {[%clk 0:03:31]}  Nxa5 {[%clk 0:23:21]} 43. Ba3 {[%clk 0:30:08]}  Kc4 {[%clk 0:53:40]} 44. g4 {[%clk 0:28:26]}  fxg4 {[%clk 0:46:10]} 45. fxg4 {[%clk 0:28:49]}  Nc6 {[%clk 0:46:16]} 46. Bf8 {[%clk 0:23:55]}  g6 {[%clk 0:46:38]} 47. h3 {[%clk 0:19:20]}  a5 {[%clk 0:38:41]} 48. Bd6 {[%clk 0:15:18]}  Na7 {[%clk 0:38:33]} 49. Bc7 {[%clk 0:15:30]}  a4 {[%clk 0:38:56]} 50. Kb2 {[%clk 0:15:36]}  Nb5 {[%clk 0:36:49]} 51. Ba5 {[%clk 0:15:50]}  a3+ {[%clk 0:36:56]} 52. Kc2 {[%clk 0:15:39]}  a2 {[%clk 0:37:05]} 53. Kb2 {[%clk 0:16:01]}  Nxc3 {[%clk 0:37:25]} 0-1

[Event "45th FIDE Chess Olympiad Open"]
[Site "Budapest, Hungary"]
[Date "2024.09.15"]
[Round "5"]
[White "Espinoza Solano, Jose Nahum"]
[Black "Greet, Andrew N"]
[Result "1/2-1/2"]
[Board "165"]
[WhiteFideId "6104428"]
[BlackFideId "405817"]
[WhiteTitle "FM"]
[BlackTitle "IM"]
[WhiteElo "2156"]
[BlackElo "2405"]
[WhiteTeam "Nicaragua"]
[BlackTeam "Scotland"]
[WhiteClock "1:01:18"]
[BlackClock "0:11:15"]
[Variant "Standard"]

1. e4 {[%clk 1:30:58]}  e6 {[%clk 1:30:53]} 2. d4 {[%clk 1:31:21]}  d5 {[%clk 1:31:17]} 3. exd5 {[%clk 1:31:48]}  exd5 {[%clk 1:31:42]} 4. Bd3 {[%clk 1:32:13]}  Nc6 {[%clk 1:30:00]} 5. c3 {[%clk 1:32:37]}  Bd6 {[%clk 1:30:20]} 6. Nf3 {[%clk 1:33:02]}  Nge7 {[%clk 1:30:33]} 7. O-O {[%clk 1:33:27]}  O-O {[%clk 1:30:30]} 8. Re1 {[%clk 1:29:55]}  Bf5 {[%clk 1:29:47]} 9. Bxf5 {[%clk 1:28:08]}  Nxf5 {[%clk 1:30:08]} 10. Nbd2 {[%clk 1:28:34]}  Qd7 {[%clk 1:28:15]} 11. Nf1 {[%clk 1:28:45]}  Rae8 {[%clk 1:27:33]} 12. Rxe8 {[%clk 1:26:32]}  Rxe8 {[%clk 1:27:48]} 13. Qd3 {[%clk 1:26:51]}  Nd8 {[%clk 1:15:25]} 14. Bd2 {[%clk 1:24:40]}  f6 {[%clk 1:10:30]} 15. Re1 {[%clk 1:23:25]}  Rxe1 {[%clk 1:10:47]} 16. Bxe1 {[%clk 1:23:51]}  c6 {[%clk 1:09:42]} 17. Ne3 {[%clk 1:23:31]}  Nxe3 {[%clk 1:09:13]} 18. Qxe3 {[%clk 1:23:37]}  Kf7 {[%clk 0:59:54]} 19. Qd3 {[%clk 1:23:50]}  g6 {[%clk 0:59:59]} 20. h3 {[%clk 1:23:36]}  Qe6 {[%clk 0:55:58]} 21. Bd2 {[%clk 1:23:45]}  h5 {[%clk 0:53:40]} 22. Kf1 {[%clk 1:19:31]}  b5 {[%clk 0:49:04]} 23. Be3 {[%clk 1:16:38]}  a6 {[%clk 0:45:40]} 24. Nd2 {[%clk 1:16:39]}  Kg7 {[%clk 0:43:48]} 25. Nf3 {[%clk 1:16:33]}  Nf7 {[%clk 0:42:55]} 26. b3 {[%clk 1:16:07]}  Qe4 {[%clk 0:40:03]} 27. Ne1 {[%clk 1:12:36]}  f5 {[%clk 0:37:18]} 28. f3 {[%clk 1:12:12]}  Qe7 {[%clk 0:36:08]} 29. Qd2 {[%clk 0:58:54]}  g5 {[%clk 0:34:19]} 30. Nd3 {[%clk 0:55:52]}  f4 {[%clk 0:33:33]} 31. Bf2 {[%clk 0:56:18]}  Qf6 {[%clk 0:30:26]} 32. Nc5 {[%clk 0:54:12]}  Bxc5 {[%clk 0:25:21]} 33. dxc5 {[%clk 0:54:39]}  Qf5 {[%clk 0:25:37]} 34. Bd4+ {[%clk 0:52:48]}  Kf8 {[%clk 0:24:39]} 35. Qe2 {[%clk 0:51:16]}  Nd8 {[%clk 0:23:47]} 36. Kg1 {[%clk 0:48:52]}  Ne6 {[%clk 0:23:45]} 37. a4 {[%clk 0:49:05]}  Kf7 {[%clk 0:23:26]} 38. Kh2 {[%clk 0:49:15]}  Kg6 {[%clk 0:11:23]} 39. axb5 {[%clk 0:48:20]}  axb5 {[%clk 0:11:48]} 40. b4 {[%clk 0:46:55]}  Kh6 {[%clk 0:07:36]} 41. Qe1 {[%clk 0:42:19]}  Kh7 {[%clk 0:03:09]} 42. Qe2 {[%clk 0:42:15]}  Kg6 {[%clk 0:03:22]} 43. Kh1 {[%clk 0:42:24]}  Kf7 {[%clk 0:01:55]} 44. Kh2 {[%clk 1:12:04]}  Nf8 {[%clk 0:21:51]} 45. Qe1 {[%clk 1:08:19]}  Ng6 {[%clk 0:18:01]} 46. Qe2 {[%clk 1:08:36]}  Ne7 {[%clk 0:17:58]} 47. Kg1 {[%clk 1:05:38]}  Qe6 {[%clk 0:17:51]} 48. Qxe6+ {[%clk 1:02:40]}  Kxe6 {[%clk 0:18:16]} 49. Kf2 {[%clk 1:03:02]}  Kf5 {[%clk 0:17:18]} 50. Kf1 {[%clk 1:02:57]}  Ng6 {[%clk 0:16:45]} 51. Ke2 {[%clk 1:02:56]}  Nf8 {[%clk 0:16:44]} 52. Kf1 {[%clk 1:02:36]}  Ne6 {[%clk 0:17:08]} 53. Kf2 {[%clk 1:02:35]}  g4 {[%clk 0:16:31]} 54. hxg4+ {[%clk 1:02:54]}  hxg4 {[%clk 0:16:59]} 55. Kf1 {[%clk 1:03:06]}  Nxd4 {[%clk 0:11:15]} 56. cxd4 {[%clk 1:01:18]} 1/2-1/2

[Event "45th FIDE Chess Olympiad Open"]
[Site "Budapest, Hungary"]
[Date "2024.09.15"]
[Round "5"]
[White "Miswadah, Baha"]
[Black "Sultan, Ibrahim"]
[Result "0-1"]
[Board "192"]
[WhiteFideId "11502118"]
[BlackFideId "9301143"]
[WhiteTitle "CM"]
[BlackTitle "IM"]
[WhiteElo "1957"]
[BlackElo "2206"]
[WhiteTeam "Palestine"]
[BlackTeam "United Arab Emirates"]
[WhiteClock "0:25:32"]
[BlackClock "0:52:04"]
[Variant "Standard"]

1. d4 {[%clk 1:30:57]}  d5 {[%clk 1:30:51]} 2. Bf4 {[%clk 1:30:56]}  Nf6 {[%clk 1:31:04]} 3. e3 {[%clk 1:31:14]}  c5 {[%clk 1:31:29]} 4. c3 {[%clk 1:31:25]}  Nc6 {[%clk 1:31:54]} 5. Nd2 {[%clk 1:31:09]}  Bf5 {[%clk 1:32:16]} 6. Qb3 {[%clk 1:23:57]}  Qd7 {[%clk 1:31:52]} 7. a4 {[%clk 1:22:59]}  c4 {[%clk 1:31:40]} 8. Qd1 {[%clk 1:23:07]}  e6 {[%clk 1:31:57]} 9. Ngf3 {[%clk 1:23:16]}  Bd6 {[%clk 1:27:49]} 10. Bxd6 {[%clk 1:19:07]}  Qxd6 {[%clk 1:28:12]} 11. a5 {[%clk 1:19:26]}  O-O {[%clk 1:28:06]} 12. Be2 {[%clk 1:17:47]}  b5 {[%clk 1:24:33]} 13. axb6 {[%clk 1:03:35]}  axb6 {[%clk 1:24:38]} 14. Nh4 {[%clk 1:01:42]}  b5 {[%clk 1:21:17]} 15. Nxf5 {[%clk 1:01:08]}  exf5 {[%clk 1:21:39]} 16. O-O {[%clk 1:01:23]}  g6 {[%clk 1:21:30]} 17. b3 {[%clk 0:57:12]}  Ra3 {[%clk 1:19:48]} 18. bxc4 {[%clk 0:49:16]}  bxc4 {[%clk 1:20:05]} 19. Qc2 {[%clk 0:48:52]}  Kg7 {[%clk 1:20:05]} 20. Bf3 {[%clk 0:44:17]}  Rfa8 {[%clk 1:08:05]} 21. Rxa3 {[%clk 0:42:50]}  Rxa3 {[%clk 1:08:29]} 22. Qb2 {[%clk 0:42:45]}  Na5 {[%clk 1:07:41]} 23. Ra1 {[%clk 0:39:02]}  Rxa1+ {[%clk 1:07:56]} 24. Qxa1 {[%clk 0:39:31]}  Qb6 {[%clk 1:07:12]} 25. g3 {[%clk 0:37:35]}  Nb3 {[%clk 0:54:45]} 26. Qb2 {[%clk 0:36:15]}  Ne4 {[%clk 0:50:02]} 27. Bxe4 {[%clk 0:31:18]}  fxe4 {[%clk 0:50:25]} 28. f3 {[%clk 0:30:32]}  f5 {[%clk 0:38:22]} 29. Kf2 {[%clk 0:28:45]}  Qb5 {[%clk 0:37:15]} 30. fxe4 {[%clk 0:23:14]}  fxe4 {[%clk 0:37:39]} 31. Qa2 {[%clk 0:20:07]}  Qb7 {[%clk 0:33:36]} 32. Nf1 {[%clk 0:16:30]}  Nc1 {[%clk 0:33:48]} 33. Qd2 {[%clk 0:16:09]}  Qf7+ {[%clk 0:34:13]} 34. Kg1 {[%clk 0:15:57]}  Nd3 {[%clk 0:34:36]} 35. Qe2 {[%clk 0:15:23]}  h5 {[%clk 0:33:36]} 36. Nd2 {[%clk 0:14:16]}  Qa7 {[%clk 0:30:50]} 37. Nf1 {[%clk 0:14:16]}  Qa1 {[%clk 0:30:55]} 38. Qd2 {[%clk 0:13:38]}  Kf7 {[%clk 0:26:51]} 39. h3 {[%clk 0:13:05]}  Qb2 {[%clk 0:24:26]} 40. h4 {[%clk 0:06:33]}  Ke6 {[%clk 0:23:44]} 41. g4 {[%clk 0:06:05]}  hxg4 {[%clk 0:23:51]} 42. Kg2 {[%clk 0:05:07]}  Kf5 {[%clk 0:23:04]} 43. Ng3+ {[%clk 0:04:31]}  Kf6 {[%clk 0:23:27]} 44. Qxb2 {[%clk 0:03:12]}  Nxb2 {[%clk 0:23:52]} 45. Ne2 {[%clk 0:02:58]}  Nd1 {[%clk 0:21:58]} 46. Nf4 {[%clk 0:26:48]}  Nxc3 {[%clk 0:52:12]} 47. Kf2 {[%clk 0:25:36]}  g5 {[%clk 0:52:04]} 48. hxg5+ {[%clk 0:25:32]} 0-1

[Event "45th FIDE Chess Olympiad Open"]
[Site "Budapest, Hungary"]
[Date "2024.09.15"]
[Round "5"]
[White "Veer Gandhi"]
[Black "Ayyad, Maher"]
[Result "1/2-1/2"]
[Board "310"]
[WhiteFideId "21600155"]
[BlackFideId "11200235"]
[BlackTitle "FM"]
[WhiteElo "1792"]
[BlackElo "1980"]
[WhiteTeam "Tanzania"]
[BlackTeam "Bahrain"]
[WhiteClock "0:06:55"]
[BlackClock "1:22:52"]
[Variant "Standard"]

1. f4 {[%clk 1:30:41]}  Nf6 {[%clk 1:30:53]} 2. Nf3 {[%clk 1:31:04]}  g6 {[%clk 1:31:22]} 3. b3 {[%clk 1:30:38]}  Bg7 {[%clk 1:31:47]} 4. Bb2 {[%clk 1:31:01]}  d6 {[%clk 1:31:50]} 5. e3 {[%clk 1:31:17]}  c5 {[%clk 1:32:14]} 6. Be2 {[%clk 1:30:51]}  O-O {[%clk 1:32:38]} 7. O-O {[%clk 1:29:17]}  Nc6 {[%clk 1:33:03]} 8. Kh1 {[%clk 1:23:36]}  a6 {[%clk 1:32:02]} 9. c4 {[%clk 1:21:31]}  e5 {[%clk 1:29:35]} 10. fxe5 {[%clk 1:05:04]}  Ng4 {[%clk 1:29:34]} 11. h3 {[%clk 1:04:11]}  Ngxe5 {[%clk 1:29:44]} 12. d4 {[%clk 1:04:03]}  Nxf3 {[%clk 1:30:02]} 13. Rxf3 {[%clk 0:49:44]}  cxd4 {[%clk 1:29:52]} 14. exd4 {[%clk 0:49:21]}  Qh4 {[%clk 1:30:10]} 15. Qd2 {[%clk 0:39:31]}  Bh6 {[%clk 1:28:20]} 16. Qd1 {[%clk 0:21:35]}  Bg4 {[%clk 1:28:33]} 17. Rf1 {[%clk 0:14:34]}  Bxh3 {[%clk 1:28:50]} 18. Qe1 {[%clk 0:14:55]}  Qxe1 {[%clk 1:27:09]} 19. Rxe1 {[%clk 0:15:19]}  Bf5 {[%clk 1:27:29]} 20. Bf3 {[%clk 0:13:21]}  Nb4 {[%clk 1:24:20]} 21. Na3 {[%clk 0:12:37]}  Nd3 {[%clk 1:24:42]} 22. Re2 {[%clk 0:12:45]}  Nxb2 {[%clk 1:25:02]} 23. Rxb2 {[%clk 0:13:05]}  Rab8 {[%clk 1:24:45]} 24. Re2 {[%clk 0:12:07]}  b5 {[%clk 1:24:58]} 25. Rae1 {[%clk 0:11:33]}  Bg5 {[%clk 1:24:49]} 26. Rd1 {[%clk 0:07:59]}  Bf6 {[%clk 1:22:32]} 27. Kg1 {[%clk 0:07:59]}  g5 {[%clk 1:22:33]} 28. cxb5 {[%clk 0:06:55]}  axb5 {[%clk 1:22:52]} 1/2-1/2

[Event "45th FIDE Chess Olympiad Open"]
[Site "Budapest, Hungary"]
[Date "2024.09.16"]
[Round "6"]
[White "Duda, Jan-Krzysztof"]
[Black "Dragnev, Valentin"]
[Result "1/2-1/2"]
[Board "29"]
[WhiteFideId "1170546"]
[BlackFideId "1634852"]
[WhiteTitle "GM"]
[BlackTitle "GM"]
[WhiteElo "2732"]
[BlackElo "2556"]
[WhiteTeam "Poland"]
[BlackTeam "Austria"]
[WhiteClock "0:01:14"]
[BlackClock "0:01:17"]
[Variant "Standard"]

1. d4 {[%clk 1:30:56]}  Nf6 {[%clk 1:30:47]} 2. c4 {[%clk 1:31:20]}  e6 {[%clk 1:31:01]} 3. Nc3 {[%clk 1:31:41]}  Bb4 {[%clk 1:31:09]} 4. e3 {[%clk 1:32:01]}  b6 {[%clk 1:29:13]} 5. Nge2 {[%clk 1:27:50]}  Ba6 {[%clk 1:29:16]} 6. a3 {[%clk 1:26:44]}  Bxc3+ {[%clk 1:26:13]} 7. Nxc3 {[%clk 1:27:07]}  d5 {[%clk 1:26:02]} 8. b3 {[%clk 1:24:20]}  O-O {[%clk 1:24:52]} 9. a4 {[%clk 1:08:49]}  c5 {[%clk 1:00:21]} 10. Ba3 {[%clk 1:08:27]}  Nbd7 {[%clk 0:58:27]} 11. Be2 {[%clk 1:04:48]}  dxc4 {[%clk 0:55:25]} 12. bxc4 {[%clk 1:04:45]}  Bb7 {[%clk 0:55:31]} 13. O-O {[%clk 0:57:33]}  Ne4 {[%clk 0:50:36]} 14. Nxe4 {[%clk 0:55:54]}  Bxe4 {[%clk 0:51:04]} 15. f3 {[%clk 0:55:54]}  Bb7 {[%clk 0:50:46]} 16. e4 {[%clk 0:55:03]}  Re8 {[%clk 0:44:43]} 17. d5 {[%clk 0:53:17]}  exd5 {[%clk 0:45:07]} 18. exd5 {[%clk 0:52:31]}  Qh4 {[%clk 0:42:25]} 19. Bb2 {[%clk 0:48:02]}  Re7 {[%clk 0:37:29]} 20. Qd2 {[%clk 0:36:49]}  Rae8 {[%clk 0:36:53]} 21. Rf2 {[%clk 0:36:13]}  Ne5 {[%clk 0:32:09]} 22. Qc3 {[%clk 0:33:41]}  f6 {[%clk 0:31:32]} 23. Bf1 {[%clk 0:33:36]}  Ng6 {[%clk 0:25:15]} 24. a5 {[%clk 0:29:24]}  Nf4 {[%clk 0:23:02]} 25. Qd2 {[%clk 0:28:29]}  Bc8 {[%clk 0:15:22]} 26. axb6 {[%clk 0:28:02]}  axb6 {[%clk 0:15:46]} 27. Ra8 {[%clk 0:23:25]}  Bd7 {[%clk 0:15:44]} 28. Rxe8+ {[%clk 0:22:29]}  Rxe8 {[%clk 0:16:01]} 29. Bc1 {[%clk 0:22:49]}  Ng6 {[%clk 0:15:59]} 30. Qb2 {[%clk 0:22:12]}  Re1 {[%clk 0:05:28]} 31. Bd2 {[%clk 0:13:44]}  Rd1 {[%clk 0:02:16]} 32. f4 {[%clk 0:13:55]}  Qg4 {[%clk 0:01:18]} 33. Qxb6 {[%clk 0:13:20]}  Nh4 {[%clk 0:01:01]} 34. Qd8+ {[%clk 0:03:11]}  Kf7 {[%clk 0:01:30]} 35. h3 {[%clk 0:03:32]}  Rxf1+ {[%clk 0:01:08]} 36. Kh2 {[%clk 0:03:17]}  Qxh3+ {[%clk 0:00:35]} 37. gxh3 {[%clk 0:03:41]}  Rxf2+ {[%clk 0:00:59]} 38. Kg3 {[%clk 0:01:09]}  Rf3+ {[%clk 0:01:15]} 39. Kh2 {[%clk 0:01:38]}  Rf2+ {[%clk 0:01:30]} 40. Kg3 {[%clk 0:00:45]}  Rf3+ {[%clk 0:01:17]} 41. Kh2 {[%clk 0:01:14]} 1/2-1/2

[Event "45th FIDE Chess Olympiad Open"]
[Site "Budapest, Hungary"]
[Date "2024.09.16"]
[Round "6"]
[White "Jobava, Baadur"]
[Black "Pichot, Alan"]
[Result "1/2-1/2"]
[Board "39"]
[WhiteFideId "13601520"]
[BlackFideId "110973"]
[WhiteTitle "GM"]
[BlackTitle "GM"]
[WhiteElo "2582"]
[BlackElo "2628"]
[WhiteTeam "Georgia"]
[BlackTeam "Spain"]
[WhiteClock "0:33:53"]
[BlackClock "0:19:10"]
[Variant "Standard"]

1. d4 {[%clk 1:30:46]}  Nf6 {[%clk 1:30:47]} 2. c4 {[%clk 1:31:01]}  e6 {[%clk 1:30:49]} 3. Nc3 {[%clk 1:31:18]}  Bb4 {[%clk 1:30:29]} 4. Qc2 {[%clk 1:31:31]}  d6 {[%clk 1:29:35]} 5. e3 {[%clk 1:31:39]}  O-O {[%clk 1:28:39]} 6. Bd3 {[%clk 1:31:59]}  c5 {[%clk 1:27:27]} 7. Nge2 {[%clk 1:32:16]}  Nc6 {[%clk 1:21:50]} 8. O-O {[%clk 1:30:54]}  d5 {[%clk 1:20:12]} 9. cxd5 {[%clk 1:20:40]}  exd5 {[%clk 1:20:23]} 10. dxc5 {[%clk 1:20:54]}  Bxc5 {[%clk 1:20:06]} 11. Nb5 {[%clk 1:21:09]}  Bb6 {[%clk 1:14:00]} 12. Bd2 {[%clk 1:20:51]}  Bg4 {[%clk 1:08:55]} 13. Bc3 {[%clk 1:13:51]}  Rc8 {[%clk 1:07:31]} 14. Bf5 {[%clk 1:12:31]}  Nb4 {[%clk 0:54:30]} 15. Qa4 {[%clk 1:06:47]}  Bxf5 {[%clk 0:38:55]} 16. Bxb4 {[%clk 1:05:35]}  Bd3 {[%clk 0:39:07]} 17. Rfe1 {[%clk 1:02:26]}  Qd7 {[%clk 0:32:59]} 18. Nbc3 {[%clk 1:01:29]}  Rfd8 {[%clk 0:31:26]} 19. Qxd7 {[%clk 0:56:55]}  Rxd7 {[%clk 0:31:07]} 20. Na4 {[%clk 0:57:19]}  Bxe2 {[%clk 0:22:29]} 21. Nxb6 {[%clk 0:57:28]}  axb6 {[%clk 0:22:29]} 22. Rxe2 {[%clk 0:57:28]}  d4 {[%clk 0:22:59]} 23. exd4 {[%clk 0:58:17]}  Nd5 {[%clk 0:17:09]} 24. Bd2 {[%clk 0:53:30]}  f6 {[%clk 0:17:27]} 25. Kf1 {[%clk 0:52:25]}  Rc4 {[%clk 0:16:50]} 26. Be3 {[%clk 0:52:04]}  Kf7 {[%clk 0:16:15]} 27. Rd1 {[%clk 0:51:49]}  b5 {[%clk 0:12:42]} 28. a3 {[%clk 0:44:27]}  b4 {[%clk 0:12:15]} 29. Rd3 {[%clk 0:40:20]}  b5 {[%clk 0:10:12]} 30. axb4 {[%clk 0:39:07]}  Nxb4 {[%clk 0:10:28]} 31. Rb3 {[%clk 0:39:16]}  Rd5 {[%clk 0:06:04]} 32. Rc3 {[%clk 0:39:17]}  Rd7 {[%clk 0:06:10]} 33. Ke1 {[%clk 0:31:03]}  Rxc3 {[%clk 0:05:17]} 34. bxc3 {[%clk 0:31:27]}  Nd5 {[%clk 0:05:42]} 35. Rc2 {[%clk 0:29:43]}  Rc7 {[%clk 0:04:26]} 36. Kd2 {[%clk 0:30:01]}  b4 {[%clk 0:02:53]} 37. cxb4 {[%clk 0:28:39]}  Rxc2+ {[%clk 0:03:08]} 38. Kxc2 {[%clk 0:29:06]}  Nxb4+ {[%clk 0:03:32]} 39. Kc3 {[%clk 0:29:33]}  Nd5+ {[%clk 0:03:40]} 40. Kc4 {[%clk 0:29:59]}  Ke6 {[%clk 0:04:03]} 41. Kc5 {[%clk 0:27:43]}  h5 {[%clk 0:27:52]} 42. h4 {[%clk 0:54:32]}  Ne7 {[%clk 0:27:33]} 43. Bd2 {[%clk 0:53:07]}  Nd5 {[%clk 0:27:18]} 44. g3 {[%clk 0:50:43]}  g6 {[%clk 0:25:12]} 45. Bc1 {[%clk 0:49:50]}  Ne7 {[%clk 0:22:42]} 46. Be3 {[%clk 0:49:37]}  Nd5 {[%clk 0:22:26]} 47. Kc6 {[%clk 0:43:31]}  Ne7+ {[%clk 0:20:18]} 48. Kc7 {[%clk 0:43:49]}  Kd5 {[%clk 0:17:39]} 49. Kd7 {[%clk 0:37:40]}  Nf5 {[%clk 0:18:03]} 50. Ke8 {[%clk 0:37:49]}  g5 {[%clk 0:17:39]} 51. hxg5 {[%clk 0:32:49]}  fxg5 {[%clk 0:17:45]} 52. Bxg5 {[%clk 0:33:14]}  Nxd4 {[%clk 0:17:40]} 53. Kf7 {[%clk 0:33:36]}  Ke4 {[%clk 0:18:04]} 54. Kg6 {[%clk 0:33:52]}  Kf3 {[%clk 0:18:29]} 55. Be3 {[%clk 0:33:34]}  Ne2 {[%clk 0:18:44]} 56. Kxh5 {[%clk 0:34:00]}  Nxg3+ {[%clk 0:19:10]} 57. fxg3 {[%clk 0:33:53]} 1/2-1/2

[Event "45th FIDE Chess Olympiad Open"]
[Site "Budapest, Hungary"]
[Date "2024.09.16"]
[Round "6"]
[White "Rodrigue-Lemieux, Shawn"]
[Black "Yilmaz, Mustafa"]
[Result "1-0"]
[Board "61"]
[WhiteFideId "2620049"]
[BlackFideId "6302718"]
[WhiteTitle "GM"]
[BlackTitle "GM"]
[WhiteElo "2509"]
[BlackElo "2587"]
[WhiteTeam "Canada"]
[BlackTeam "Turkiye"]
[WhiteClock "0:02:01"]
[BlackClock "0:00:38"]
[Variant "Standard"]

1. e4 {[%clk 1:30:56]}  c5 {[%clk 1:30:56]} 2. Nf3 {[%clk 1:31:17]}  d6 {[%clk 1:31:22]} 3. d4 {[%clk 1:31:31]}  cxd4 {[%clk 1:31:48]} 4. Nxd4 {[%clk 1:31:53]}  Nf6 {[%clk 1:32:14]} 5. Nc3 {[%clk 1:32:11]}  a6 {[%clk 1:32:41]} 6. Bd3 {[%clk 1:32:29]}  e5 {[%clk 1:31:43]} 7. Nde2 {[%clk 1:32:50]}  Be7 {[%clk 1:31:46]} 8. O-O {[%clk 1:32:50]}  O-O {[%clk 1:31:54]} 9. Ng3 {[%clk 1:31:11]}  Bg4 {[%clk 1:30:42]} 10. Be2 {[%clk 1:24:49]}  Be6 {[%clk 1:31:00]} 11. Nd5 {[%clk 1:24:45]}  Nxd5 {[%clk 1:31:11]} 12. exd5 {[%clk 1:25:08]}  Bc8 {[%clk 1:31:39]} 13. a4 {[%clk 1:22:02]}  f5 {[%clk 1:29:24]} 14. a5 {[%clk 1:18:27]}  Nd7 {[%clk 1:23:13]} 15. c4 {[%clk 1:17:27]}  e4 {[%clk 1:17:13]} 16. b4 {[%clk 1:12:46]}  Bf6 {[%clk 1:14:43]} 17. Ra3 {[%clk 1:11:35]}  Be5 {[%clk 1:12:46]} 18. f4 {[%clk 1:04:50]}  exf3 {[%clk 1:11:27]} 19. Raxf3 {[%clk 1:04:59]}  g6 {[%clk 1:04:09]} 20. Bh6 {[%clk 1:03:26]}  Rf7 {[%clk 0:55:48]} 21. Qd2 {[%clk 1:00:21]}  Nf6 {[%clk 0:51:36]} 22. Bf4 {[%clk 0:58:42]}  Bxf4 {[%clk 0:49:39]} 23. Qxf4 {[%clk 0:44:52]}  b6 {[%clk 0:48:39]} 24. Qg5 {[%clk 0:34:18]}  Kf8 {[%clk 0:34:21]} 25. Bd3 {[%clk 0:30:15]}  bxa5 {[%clk 0:17:58]} 26. Bxf5 {[%clk 0:28:08]}  Bxf5 {[%clk 0:14:01]} 27. Nxf5 {[%clk 0:28:31]}  Ne4 {[%clk 0:09:54]} 28. Qxd8+ {[%clk 0:21:05]}  Rxd8 {[%clk 0:10:22]} 29. Nd4 {[%clk 0:21:22]}  Rdd7 {[%clk 0:06:37]} 30. c5 {[%clk 0:18:10]}  Nd2 {[%clk 0:03:41]} 31. Rxf7+ {[%clk 0:05:28]}  Rxf7 {[%clk 0:04:10]} 32. Rc1 {[%clk 0:04:45]}  Ke8 {[%clk 0:00:32]} 33. c6 {[%clk 0:04:04]}  Kd8 {[%clk 0:00:42]} 34. b5 {[%clk 0:03:32]}  axb5 {[%clk 0:00:31]} 35. Nxb5 {[%clk 0:03:01]}  Rf8 {[%clk 0:00:36]} 36. Nxd6 {[%clk 0:01:58]}  Kc7 {[%clk 0:01:05]} 37. Nb5+ {[%clk 0:02:12]}  Kb6 {[%clk 0:01:05]} 38. c7 {[%clk 0:02:07]}  Kxb5 {[%clk 0:01:20]} 39. d6 {[%clk 0:01:57]}  Nb3 {[%clk 0:00:38]} 40. c8=Q {[%clk 0:02:01]} 1-0